Los cinco se divierten / (Registro nro. 11613)

Detalles MARC
000 -LIDER
fixed length control field 00855cam a22003013a 4500
001 - NÚMERO DE CONTROL
Identificador de número de control 0000736
003 - IDENTIFICACDOR DE NÚMERO DE CONTROL
control field DO-SdBNP
005 - DATE AND TIME OF LATEST TRANSACTION
control field 20180117113146.0
007 - CAMPOS FIJOS DE DESCRIPCIÓN FÍSICA
fixed length control field 0000736
008 - ELEMENTOS DE LONGITUD FIJA
fixed length control field 861112 2007 sp a 000 0 spa d
010 ## - NUMERO DE CONTROL DE BIBLIOTECA DEL CONGRESO
LC control number
020 ## - ISBN
International Standard Book Number 9788426109781
040 ## - FUENTE DE CATALOGACIÓN
Agencia que crea de manera original el registro BPMSU
Agencia que realiza la transcripción spa
Agencia que realiza la modificación BPMSU
--
100 1# - ASIENTO PRINCIPAL -- NOMBRE PERSONAL
Nombre personal Blyton, Enid
Fechas asociadas con el nombre 1897-1968
240 10 - TITULO UNIFORME
Título uniforme Five have plenty of fun /
245 14 - MENCIÓN DE TITULO
Título Los cinco se divierten /
Mención de responsabilidad Enid Blyton ; traducción Isabel Ulsamer ; ilustraciones Enrique Ventura
250 ## - MENCIÓN DE EDICION
Mención de edición 19a. ed.
260 ## - PUBLICACIÓN, DISTRIBUCIÓN, ETC. (PIE DE IMPRENTA)
Lugar de publicación, distribución, etc Barcelona, España :
Nombre del editor, distribuidor, etc. Juventud,
Fecha de publicación, distribución, etc 2007.
300 ## - DESCRIPCIÓN FÍSICA
Extensión 160 p. :
Otros detalles físicos il.
Dimensiones 20 cm.
490 0# - MENCIÓN DE SERIES
Mención de serie Los cinco
Volume/sequential designation 13
600 00 - ENCABEZAMIENTO DE MATERIA--NOMBRE PERSONAL
Nombre personal
Subdivisión temática general
700 12 - ASIENTO SECUNDARIO -- NOMBRE PERSONAL
Nombre personal Ulsamer, Isabel
Mención de responsabilidad trad.
700 12 - ASIENTO SECUNDARIO -- NOMBRE PERSONAL
Nombre personal Ventura, Enrique
Mención de responsabilidad il.
830 #0 - ASIENTO SECUNDARIO DE SERIE--TÍTULO UNIFORME
Título uniforme Los cinco
Número de la parte o sección de una obra 13
942 ## - ADDED ENTRY ELEMENTS (KOHA)
Source of classification or shelving scheme Dewey Decimal Classification
Koha item type Libros
945 ## - INFORMACIÓN DE PROCESAMIENTO LOCAL
Información de procesamiento local Inventariado, 2018 / YL
956 ## - LOCAL ELECTRONIC LOCATION AND ACCESS (OCLC)
Nombre de host YLOCKWARD
Número de acceso 10
Información de compresión BPMSU
Existencias
Withdrawn status Lost status Source of classification or shelving scheme Damaged status Not for loan Collection code Home library Current library Date acquired Source of acquisition Total Checkouts Barcode Date last seen Price effective from Koha item type Copy number
    Dewey Decimal Classification     Colección Juvenil General Biblioteca Pública Metropolitana Salomé Ureña Biblioteca Pública Metropolitana Salomé Ureña 10/19/2016 Sin sellar   BPMSU16100276 10/19/2016 10/19/2016 Libros  
    Dewey Decimal Classification     Colección Juvenil General Biblioteca Pública Metropolitana Salomé Ureña Biblioteca Pública Metropolitana Salomé Ureña 10/19/2016 Sin sellar   BPMSU16100277 10/19/2016 10/19/2016 Libros e. 2
    Dewey Decimal Classification     Colección Juvenil General Biblioteca Pública Metropolitana Salomé Ureña Biblioteca Pública Metropolitana Salomé Ureña 10/19/2016 Sin sellar   BPMSU16100278 10/19/2016 10/19/2016 Libros e. 3